书目信息 |
| 题名: |
旅游
|
|
| 作者: | 王嫣嫣 主编 | |
| 分册: | ||
| 出版信息: | 长春 吉林文史出版社 2006 |
|
| 页数: | 187页 | |
| 开本: | 21cm | |
| 丛书名: | 中外艺术精粹 | |
| 单 册: | ||
| 中图分类: | K928.70 | |
| 科图分类: | ||
| 主题词: | 导游--中国 , 导游 | |
| 电子资源: | ||
| ISBN: | 7-80702-248-5 | |
| 000 | 00788oam2 2200265 45 | |
| 001 | 012006042901 | |
| 005 | 20070103163646.78 | |
| 010 | @a7-80702-248-5@dCNY29.80 | |
| 092 | @aCN@b492771 | |
| 100 | @a20060429d2006 em y0chiy0120 ea | |
| 101 | 0 | @achi |
| 102 | @aCN@b220000 | |
| 105 | @ay z 000yy | |
| 200 | 1 | @a旅游@Alu^ you@f王嫣嫣主编@Fwang yan yan zhu bian |
| 210 | @a长春@c吉林文史出版社@c吉林音像出版社@d2006 | |
| 215 | @a187页@d21cm | |
| 225 | 2 | @a中外艺术精粹 |
| 330 | @a本书主要介绍了旅游名胜;中国著名景点大观;以及上海市、天津市、北京市等地的旅游景点。 | |
| 461 | 0 | @12001 @a中外艺术精粹 |
| 606 | 0 | @a导游@y中国 |
| 606 | 0 | @a导游 |
| 690 | @aK928.70@v4 | |
| 701 | 0 | @a王嫣嫣@Awang yan yan@4主编 |
| 801 | 0 | @aCN@bLZJBOOK@c20070103 |
| 905 | @a10447@dK928.70@e420 | |
| 旅游/王嫣嫣主编.-长春:吉林文史出版社:吉林音像出版社,2006 |
| 187页;21cm.-(中外艺术精粹) |
| ISBN 7-80702-248-5:CNY29.80 |
| 本书主要介绍了旅游名胜;中国著名景点大观;以及上海市、天津市、北京市等地的旅游景点。 |
| ● |
| 相关链接 |
|
|
|
|
正题名:旅游
索取号:K928.70/420
 
预约/预借
| 序号 | 登录号 | 条形码 | 馆藏地/架位号 | 状态 | 备注 |
| 1 | 0561352 | 205613521 | 第二样本阅览室/ [索取号:K928.70/420] | 在馆 | |
| 2 | 0561353 | 205613530 | 密集书库/ [索取号:K928.70/420] | 在馆 | |
| 3 | 0561354 | 205613549 | 密集书库/ [索取号:K928.70/420] | 在馆 | |
| 4 | 0561355 | 205613558 | 第二借阅区/ [索取号:K928.70/420] | 在馆 | |
| 5 | 0561356 | 205613567 | 第二借阅区/ [索取号:K928.70/420] | 在馆 | |
| 6 | 0561357 | 205613576 | 第二借阅区/ [索取号:K928.70/420] | 在馆 | |
| 7 | 0561358 | 205613585 | 第二借阅区/ [索取号:K928.70/420] | 在馆 |